| 000 -LEADER |
| fixed length control field |
01825 a2200313 4500 |
| 003 - CONTROL NUMBER IDENTIFIER |
| control field |
OSt |
| 005 - DATE AND TIME OF LATEST TRANSACTION |
| control field |
20210219115537.0 |
| 008 - FIXED-LENGTH DATA ELEMENTS--GENERAL INFORMATION |
| fixed length control field |
160511b xxu||||| |||| 00| 0 eng d |
| 020 ## - INTERNATIONAL STANDARD BOOK NUMBER |
| International Standard Book Number |
0631203494 (paperback) |
| 020 ## - INTERNATIONAL STANDARD BOOK NUMBER |
| International Standard Book Number |
9780631203490 (paperback) |
| 038 ## - RECORD CONTENT LICENSOR |
| Staff Name |
a |
| 040 ## - CATALOGING SOURCE |
| Transcribing agency |
0 |
| 050 ## - LIBRARY OF CONGRESS CALL NUMBER |
| Classification number |
332.094231 FIN 1996 |
| 082 04 - DEWEY DECIMAL CLASSIFICATION NUMBER |
| Classification number |
332.094231 FIN 1996 |
| 100 ## - MAIN ENTRY--PERSONAL NAME |
| Personal name |
Edited By: Torben M. Andersen |
| 9 (RLIN) |
35718 |
| 245 10 - TITLE STATEMENT |
| Title |
Financial Liberalization and Macroeconomic Stability |
| Statement of responsibility, etc. |
Torben M. Andersen, Karl-Ove Moene. |
| 250 ## - EDITION STATEMENT |
| Edition statement |
1st ed. |
| 260 ## - PUBLICATION, DISTRIBUTION, ETC. |
| Place of publication, distribution, etc. |
[S.l.] : |
| Name of publisher, distributor, etc. |
Wiley-Blackwell, |
| Date of publication, distribution, etc. |
1997. |
| 300 ## - PHYSICAL DESCRIPTION |
| Extent |
153p. ; |
| Dimensions |
23 cm. |
| 440 ## - SERIES STATEMENT/ADDED ENTRY--TITLE |
| Title |
Financial Liberalization and Macroeconomic Stability |
| 9 (RLIN) |
35719 |
| 490 1# - SERIES STATEMENT |
| Series statement |
Scandinavian journal of economics. |
| 520 ## - SUMMARY, ETC. |
| Summary, etc. |
This volume examines the causes of the very volatile financial markets and exchange rate crises recently experienced, particularly in a number of European countries, and considers the implications for business cycle fluctuations and economic policy. It will attempt to clarify whether these developments can be attributed to further capital market liberalization, financial innovations, etc., or whether they are the product of business cycle changes in combination with shifts in the focus of economic policy towards less activism and low inflation. Issues related to the functioning of financial and exchange rate markets, the possibility of controlling these markets, the gains from liberalization and the implications for economic policy will also be covered. |
| 563 ## - BINDING INFORMATION |
| Binding note |
Paper Bind |
| 700 1# - ADDED ENTRY--PERSONAL NAME |
| Personal name |
Andersen, Torben M. |
| 9 (RLIN) |
35720 |
| 700 1# - ADDED ENTRY--PERSONAL NAME |
| Personal name |
Moene, Karl-Ove. |
| 9 (RLIN) |
35721 |
| 830 #0 - SERIES ADDED ENTRY--UNIFORM TITLE |
| Uniform title |
Scandinavian journal of economics. |
| 9 (RLIN) |
35722 |
| 856 40 - ELECTRONIC LOCATION AND ACCESS |
| Materials specified |
Amazon.com |
| Uniform Resource Identifier |
<a href="http://www.amazon.com/exec/obidos/ASIN/0631203494/chopaconline-20">http://www.amazon.com/exec/obidos/ASIN/0631203494/chopaconline-20</a> |
| 942 ## - ADDED ENTRY ELEMENTS (KOHA) |
| Institution code [OBSOLETE] |
NBS |
| Koha item type |
Book |
| Call number prefix |
332.094231 FIN |
| Source of classification or shelving scheme |
|